| 000 | 02096nam a22002177a 4500 | ||
|---|---|---|---|
| 003 | BJBSDDR | ||
| 005 | 20251111123751.0 | ||
| 007 | ta | ||
| 008 | 251111s2025 sp ||||| |||| 00| 0 spa d | ||
| 020 | _a9791399018950 | ||
| 040 |
_bspa _cBJBSDDR |
||
| 041 | _aspa | ||
| 050 | _bM478o 2025 | ||
| 100 | 1 |
_aMármol, José, _d1960- _935535 |
|
| 245 | 1 | 0 |
_aOtras angustias de la posmodernidad : _baceleración, descontento y luchas identitarias / _cJosé. Mármol |
| 260 |
_aMadrid : _bHuerga & Fierro editores, _c2025 |
||
| 300 |
_a 326 pages ; _b 22 cm |
||
| 520 | _aSinopsis de OTRAS ANGUSTIAS DE LA POSMODERNIDAD Todo libro publicado se traduce en un desafío a la incertidumbre. Su propósito puede terminar en el de un dardo perfectamente dirigido o el de una bala perdida. De lo que no cabe duda, una vez dadas las ideas a la estampa, es de la intencionalidad de comunicar, como una necesidad intraespecífica, que eleva su tensión en tiempos de hiperinformación y des información, en coyunturas sociopolíticas de un enorme ruido en la relación comunicativa yo-tú, o bien, nosotros-vosotros; ruido provocado, en buena medida, por la digitalización desenfrenada, el consumismo díscolo y el apogeo de los populismos y las ideas extremistas; también por las batallas identitarias centradas en el reconocimiento de la diversidad y las minorías, así como por las morbilidades que afectan más la salud mental que la corporeidad, esta última cada vez más sacudida por la vigorexia y las distorsiones seudo es téticas, apoyadas en la frialdad de abismo del quirófano. Estamos abocados a una nueva aventura existencial: nos movemos del Efecto Mariposa, que establece el comporta miento de una pequeña perturbación en un sistema caótico, con una secuela mayor o más devastadora a corto o mediano plazo en todo el orbe, hacia el Efecto Morgana, una suerte de espejismo o ilusión, de naturaleza térmica, que podría hacernos ver el desastre ve nidero como una suerte de esperanza encantadora. Ilusión o descontento, esa es la cuestión. | ||
| 942 |
_2lcc _n0 _cBK |
||
| 946 | _icmc | ||
| 999 |
_c125808 _d125808 |
||